European Capitals by Flag #1 - Statistics

General Stats
  • This quiz has been taken 20 times
  • The average score is 13 of 15
Answer Stats
Picture Answer % Correct
Tirana
100%
Berlin
94%
Copenhagen
94%
Pristina
94%
Warsaw
94%
Zagreb
94%
Amsterdam
89%
Helsinki
89%
Minsk
89%
Reykjavik
89%
Tallinn
89%
Valletta
89%
Bucharest
83%
Budapest
78%
Riga
72%
No matching quizzes found
Score Distribution
Percent of People with Each Score
Percentile by Number Answered
Your Score History
You have not taken this quiz